000 00920cam a2200265 4500
008 090401t1993 xxu||||| |||| 00| 0 eng d
020 _a0117528803
035 _a(Sirsi) u70810
041 _aeng
050 _a306.1
110 _aUnited Kingdom
_bDepartment of the Environment
_9982
245 _aEnglish house condition survey: 1991.
260 _aLondon
_bHMSO
_c1993
300 _a320p. ; 30cm.
350 _a35
520 _aSixth in the quinquennial series of surveys undertaken by the DoE to provide information on the physical condition of the UK housing stock and how it has changed since 1986. Based on building surveys carried out by surveyors and interviews with households.
650 _aENGLISH HOUSE CONDITION SURVEY 1991
650 _aHOUSING STOCK
650 _aHOUSING
650 _aSTATISTICS
650 _aUNFIT DWELLINGS
690 _aHOUSING
942 _n0
948 _c04/03/1997
999 _c95355
_d95355